NPB1950年以降リーグ最多塁打 - Statistics

General Stats
  • This quiz has been taken 29 times
    23 since last reset
  • The average score is 98 of 153
Answer Stats
年度 塁打 Answer 所属 % Correct
1958 290 長嶋茂雄 巨人
94%
1959 275 長嶋茂雄 巨人
94%
1960 245 長嶋茂雄 巨人
94%
1961 292 長嶋茂雄 巨人
94%
1962 282 王貞治 巨人
94%
1963 314 長嶋茂雄 巨人
94%
1964 340 王貞治 巨人
94%
1965 285 王貞治 巨人
94%
1966 283 王貞治 巨人
94%
1967 308 王貞治 巨人
94%
1968 319 王貞治 巨人
94%
1969 312 王貞治 巨人
94%
1970 303 王貞治 巨人
94%
1971 282 長嶋茂雄 巨人
94%
1972 298 王貞治 巨人
94%
1973 323 王貞治 巨人
94%
1974 293 王貞治 巨人
94%
1977 305 王貞治 巨人
94%
2013 342 バレンティン ヤクルト
94%
2014 321 山田哲人 ヤクルト
94%
2015 340 山田哲人 ヤクルト
94%
2018 305 山田哲人 ヤクルト
94%
2024 268 岡本和真 巨人
94%
2025 311 佐藤輝明 阪神
94%
1994 300 イチロー オリックス
94%
1995 285 イチロー オリックス
94%
1996 273 イチロー オリックス
94%
2015 317 柳田悠岐 ソフトバンク
94%
2019 283 山川穂高 西武
94%
2020 266 柳田悠岐 ソフトバンク
94%
2021 279 柳田悠岐 ソフトバンク
94%
2022 259 山川穂高 西武
94%
2023 264 柳田悠岐 ソフトバンク
94%
2024 266 山川穂高 ソフトバンク
94%
1976 293 張本勲 巨人
89%
1989 298 落合博満 中日
89%
2019 319 坂本勇人 巨人
89%
2020 248 村上宗隆 ヤクルト
89%
2021 283 村上宗隆 ヤクルト
89%
2022 346 村上宗隆 ヤクルト
89%
1961 282 張本勲 東映
89%
1962 311 野村克也 南海
89%
1963 340 野村克也 南海
89%
1964 294 野村克也 南海
89%
1965 311 野村克也 南海
89%
1967 276 野村克也 南海
89%
1972 295 張本勲 東映
89%
1982 280 落合博満 ロッテ
89%
1985 351 落合博満 ロッテ
89%
2025 245 レイエス 日本ハム
89%
1978 313 山本浩二 広島
83%
1980 314 山本浩二 広島
83%
1981 306 山本浩二 広島
83%
1996 303 松井秀喜 巨人
83%
2000 310 松井秀喜 巨人
83%
2001 297 松井秀喜 巨人
83%
2002 346 松井秀喜 巨人
83%
2003 349 ラミレス ヤクルト
83%
2005 344 金本知憲 阪神
83%
2007 338 ラミレス ヤクルト
83%
2008 338 ラミレス 巨人
83%
2009 314 ラミレス 巨人
83%
2010 347 ラミレス 巨人
83%
2000 308 松井稼頭央 西武
83%
2002 359 松井稼頭央 西武
83%
2009 326 中村剛也 西武
83%
2011 315 中村剛也 西武
83%
2013 301 浅村栄斗 西武
83%
2016 284 浅村栄斗 西武
83%
2017 308 秋山翔吾 西武
83%
2018 322 秋山翔吾 西武
83%
1985 357 バース 阪神
78%
1986 352 バース 阪神
78%
2011 245 マートン 阪神
78%
2012 264 阿部慎之助 巨人
78%
2016 319 筒香嘉智 横浜
78%
2023 296 牧秀悟 横浜
78%
1984 309 ブーマー 阪急
78%
1986 323 ブーマー 阪急
78%
1987 320 ブーマー 阪急
78%
2004 342 松中信彦 ダイエー
78%
2005 320 松中信彦 ソフトバンク
78%
2006 284 小笠原道大 日本ハム
78%
2007 292 山崎武司 楽天
78%
2008 299 カブレラ オリックス
78%
1983 287 原辰徳 巨人
72%
2006 332 ウッズ 中日
72%
1950 376 小鶴誠 松竹
67%
1988 292 秋山幸二 西武
67%
1989 310 ブライアント 近鉄
67%
1991 269 秋山幸二 西武
67%
1993 273 ブライアント 近鉄
67%
1997 310 小久保裕紀 ダイエー
67%
1953 244 藤村富美男 大阪
61%
1979 323 掛布雅之 阪神
61%
1982 283 掛布雅之 阪神
61%
1995 308 野村謙二郎 広島
61%
1953 288 中西太 西鉄
61%
1955 298 中西太 西鉄
61%
2010 287 西岡剛 ロッテ
61%
1977 286 リー ロッテ
56%
2003 327 城島健司 ダイエー
56%
1975 280 田淵幸一 阪神
50%
1992 273 古田敦也 ヤクルト
50%
1993 276 前田智徳 広島
50%
1998 277 前田智徳 広島
50%
2014 263 糸井嘉男 オリックス
50%
2012 251 李大浩 オリックス
44%
1951 226 大下弘 東急
39%
1970 330 大杉勝男 東映
39%
1971 296 大杉勝男 東映
39%
1999 341 R・ローズ 横浜
39%
1999 308 T・ローズ 近鉄
39%
2001 364 T・ローズ 近鉄
39%
1990 278 池山隆寛 ヤクルト
33%
1991 260 池山隆寛 ヤクルト
33%
2004 314 嶋重宣 広島
33%
1950 320 別当薫 毎日
33%
1966 272 榎本喜八 東京
33%
1951 274 青田昇 巨人
28%
1984 290 谷沢健一 中日
28%
1969 303 長池徳二 阪急
28%
1973 299 長池徳二 阪急
28%
1974 229 長池徳二 阪急
28%
1954 254 与那嶺要 巨人
22%
1957 230 与那嶺要 巨人
22%
1956 282 山内和弘 毎日
22%
1957 270 山内和弘 毎日
22%
1960 280 山内和弘 大毎
22%
1975 261 加藤秀司 阪急
22%
1976 239 加藤秀司 阪急
22%
1979 304 加藤秀司 阪急
22%
1980 310 レオン ロッテ
22%
1983 277 テリー 西武
17%
2017 303 J・ロペス 横浜
17%
1952 242 西沢道夫 名古屋
11%
1954 254 西沢道夫 中日
11%
1956 226 田宮謙次郎 大阪
11%
1987 303 ポンセ 大洋
11%
1988 281 ポンセ 大洋
11%
1952 244 飯田徳治 南海
11%
1954 292 レインズ 阪急
11%
1968 307 アルトマン 東京
11%
1997 297 L・ロペス 広島
11%
1994 290 大豊泰昭 中日
6%
1958 247 葛城隆雄 大毎
6%
1959 271 葛城隆雄 大毎
6%
1978 280 マルカーノ 阪急
6%
1981 293 ソレイタ 日本ハム
6%
1990 272 藤井康雄 オリックス
6%
1992 269 高橋智 オリックス
6%
1998 315 クラーク 近鉄
6%
1955 250 町田行彦 国鉄
0%
No matching quizzes found
Score Distribution
Percent of People with Each Score
Percentile by Number Answered
Your Score History
You have not taken this quiz since the last reset